000 00763nam a2200217 a 4500
001 70964
003 BD-RjUL
005 20211209082049.0
008 170423s1949 ||||| |||| 00| 0 d
035 _a(BD-RjUL)71178
040 _aBD-RjUL
_bbeg
_cBD-RjUL
041 _abeg
082 _223
_a634.0954
_bBOV 1949
100 1 _aবসু, সত্যেন্দ্রকুমার
_9209995
245 1 0 _aভারতের বনজ /
_cসত্যেন্দ্রকুমার বসু
260 _aকলিকাতা :
_bবিশ্বভারতী,
_c১৯৪৯.
300 _a৫০ পৃ. :
_bচিত্র. ;
_c১৮ সেমি.
650 _aবনজ
_zভারত
_9209996
650 _aForestry
_zIndia
_9138144
942 _2ddc
_cBK
999 _c70964
_d70964